Vývoj kvality života v SR, jej komparácia a vzájomná prepojenosť s ostatnými európskymi krajinami bakalárska práca

Uložené v:
Podrobná bibliografia
Hlavný autor: Kuběnková, Dana, 1996-
Korporácia: Národohospodárska fakulta EU. Katedra ekonómie, Univerzita Komenského v Bratislave. Právnická fakulta
Ďalší autori: Valach, Matej
Médium: Kniha
Jazyk:Slovak
Vydavateľské údaje: Bratislava 2018
Tagy: Pridať tag
Žiadne tagy, Buďte prvý, kto otaguje tento záznam!

MARC

LEADER 00000nbm a2200000 4500
001 0246236
005 20181213140838.7
041 0 |a slo 
044 |a SK 
245 1 0 |a Vývoj kvality života v SR, jej komparácia a vzájomná prepojenosť s ostatnými európskymi krajinami  |b bakalárska práca  |c Dana Kuběnková ; školiteľ: Matej Valach 
264 1 |a Bratislava  |c 2018 
300 |a 52 s. 
100 1 |a Kuběnková, Dana, 1996- 
700 1 |a Valach, Matej 
710 2 |a Národohospodárska fakulta EU. Katedra ekonómie 
710 2 |a Univerzita Komenského v Bratislave. Právnická fakulta